Capital to Country Click Quiz #10 - Statistics

General Stats
  • This quiz has been taken 119 times
  • The average score is 19 of 20
Answer Stats
Hint Answer % Correct
Beijing China
100%
Havana Cuba
100%
San Salvador El Salvador
100%
Paris France
100%
Bissau Guinea-Bissau
100%
Kuwait City Kuwait
100%
San Marino San Marino
100%
Nairobi Kenya
99%
Nicosia Cyprus
97%
Riyadh Saudi Arabia
97%
Skopje North Macedonia
96%
Bern Switzerland
96%
Tripoli Libya
95%
Rabat Morocco
94%
Yerevan Armenia
91%
Montevideo Uruguay
91%
Georgetown Guyana
89%
Bloemfontein South Africa
89%
Sucre Bolivia
87%
Apia Samoa
87%
No matching quizzes found
Score Distribution
Percent of People with Each Score
Percentile by Number Answered
Your Score History
You have not taken this quiz